Detalles MARC
| 000 -CABECERA |
| Longitud fija campo de control |
02943nam a2200469 c 4500 |
| 001 - NÚMERO DE CONTROL |
| Número de control |
7618 |
| 003 - IDENTIFICADOR DE NÚMERO DE CONTROL |
| Identificador del número de control |
ES-MaCES |
| 005 - FECHA Y HORA DE LA ÚLTIMA TRANSACCIÓN |
| Fecha y hora de la última transacción |
20150929135410.0 |
| 008 - CAMPO FIJO DE DESCRIPCIÓN FIJA--INFORMACIÓN GENERAL |
| Códigos de información de longitud fija |
980815s1995 sp 100 | spa d |
| 035 ## - NÚMERO DE CONTROL DEL SISTEMA |
| Número de control del sistema |
CES19980077992m |
| 040 ## - FUENTE DE CATALOGACIÓN |
| Centro catalogador de origen |
ES-MaCES |
| Lengua de catalogación |
spa |
| Centro transcriptor |
ES-MaCES |
| 110 2# - ENCABEZAMIENTO PRINCIPAL--NOMBRE CORPORATIVO |
| Nombre de entidad corporativa o nombre de jurisdicción como elemento inicial |
Comité Español para el Bienestar Social |
| Unidad subordinada |
Jornadas de Estudio y Formación |
| Número del congreso o número de parte o sección de la obra |
13ª |
| Fecha del congreso o de la firma de un tratado |
1995 |
| Sede del congreso |
Madrid |
| 9 (RLIN) |
2198 |
| 245 11 - MENCIÓN DE TÍTULO |
| Título |
[Nuevas políticas para la infancia y la adolescencia] |
| Resto del título |
: XIII Jornadas de Estudio y Formación, Madrid, 24, 25 y 26 de abril de 1995 |
| Mención de responsabilidad, etc. |
[organiza] Comité Español para el Bienestar Social ; [patrocina] Imain, Instituto Madrileño de Atención a la Infancia |
| 260 ## - PUBLICACIÓN, DISTRIBUCIÓN, ETC (PIE DE IMPRENTA) |
| Lugar de publicación, distribución, etc. |
[Madrid |
| Nombre del editor, distribuidor, etc. |
CEBS] |
| Fecha de publicación, distribución, etc. |
1995 |
| 300 ## - DESCRIPCIÓN FÍSICA |
| Extensión |
1 carpeta |
| Dimensiones |
35 cm |
| 504 ## - NOTA DE BIBLIOGRAFÍA, ETC. |
| Nota de bibliografía, etc. |
Bibliografía |
| 505 1# - NOTA DE CONTENIDO FORMATEADA |
| Nota de contenido con formato |
[1]. Las migraciones en la nueva Europa -- [2]. La política social de la Comunidad Europea: los jóvenes excluídos -- [3]. Ley 7/1994, de 5 de diciembre, de la infancia, Comunidad Autónoma Valenciana -- [4]. Ley 4/1994, de 10 de noviembre, de protección y atención a menores, Comunidad Autónoma de Extremadura -- [5]. Anteproyecto de Ley de protección jurídica del menor y de modificación parcial del Código Civil : 20 de abril de 1995 -- [6]. Memoria justificativa del Anteproyecto de Ley de protección jurídica del menor y de modificación parcial del Código Civil : 20 de abril de 1995 -- [7]. Ley 6/1995, de 28 de marzo, de Garantías de los Derechos de la Infancia y la Adolescencia en la Comunidad de Madrid -- [8]. Anteproyecto de Ley del defensor de los menores de la Comunidad de Madrid : Madrid, 25 de octubre de 1994 -- [9]. Convenio relativo a la protección del niño y a la cooperación en materia de adopción internacional hecho en La Haya el 29 de mayo de 1993 -- [10]. Noruega, Loi no 5 du 6 mars 1981 relative au mediateur pour l'enfance ; Réglement général régissant les fonctions du mediateur et de son conseil -- [11]. La formación de los trabajadores en el sector de la infancia y la adolescencia |
| 541 ## - NOTA DE LA FUENTE INMEDIANTE DE ADQUISICIÓN |
| Forma de adquisición |
Gratuito |
| 650 #4 - ASIENTO SECUNDARIO DE MATERIA--TÉRMINO DE MATERIA |
| Término de materia o nombre geográfico como elemento inicial |
infancia |
| 9 (RLIN) |
28518 |
| 650 #4 - ASIENTO SECUNDARIO DE MATERIA--TÉRMINO DE MATERIA |
| Término de materia o nombre geográfico como elemento inicial |
juventud |
| 9 (RLIN) |
28522 |
| 650 #4 - ASIENTO SECUNDARIO DE MATERIA--TÉRMINO DE MATERIA |
| Término de materia o nombre geográfico como elemento inicial |
política social |
| 9 (RLIN) |
27029 |
| 650 #4 - ASIENTO SECUNDARIO DE MATERIA--TÉRMINO DE MATERIA |
| Término de materia o nombre geográfico como elemento inicial |
política sobre la juventud |
| 9 (RLIN) |
27065 |
| 650 #4 - ASIENTO SECUNDARIO DE MATERIA--TÉRMINO DE MATERIA |
| Término de materia o nombre geográfico como elemento inicial |
problema social |
| 9 (RLIN) |
27044 |
| 650 #4 - ASIENTO SECUNDARIO DE MATERIA--TÉRMINO DE MATERIA |
| Término de materia o nombre geográfico como elemento inicial |
exclusión social |
| 9 (RLIN) |
30629 |
| 650 #4 - ASIENTO SECUNDARIO DE MATERIA--TÉRMINO DE MATERIA |
| Término de materia o nombre geográfico como elemento inicial |
integración social |
| 9 (RLIN) |
27283 |
| 650 #4 - ASIENTO SECUNDARIO DE MATERIA--TÉRMINO DE MATERIA |
| Término de materia o nombre geográfico como elemento inicial |
migración internacional |
| 9 (RLIN) |
29805 |
| 650 #4 - ASIENTO SECUNDARIO DE MATERIA--TÉRMINO DE MATERIA |
| Término de materia o nombre geográfico como elemento inicial |
protección de menores |
| 9 (RLIN) |
30974 |
| 650 #4 - ASIENTO SECUNDARIO DE MATERIA--TÉRMINO DE MATERIA |
| Término de materia o nombre geográfico como elemento inicial |
derechos del niño |
| 9 (RLIN) |
29912 |
| 650 #4 - ASIENTO SECUNDARIO DE MATERIA--TÉRMINO DE MATERIA |
| Término de materia o nombre geográfico como elemento inicial |
formación profesional |
| 9 (RLIN) |
27394 |
| 650 #4 - ASIENTO SECUNDARIO DE MATERIA--TÉRMINO DE MATERIA |
| Término de materia o nombre geográfico como elemento inicial |
adopción |
| 9 (RLIN) |
30996 |
| 650 #4 - ASIENTO SECUNDARIO DE MATERIA--TÉRMINO DE MATERIA |
| Término de materia o nombre geográfico como elemento inicial |
legislación |
| 9 (RLIN) |
27153 |
| 650 #4 - ASIENTO SECUNDARIO DE MATERIA--TÉRMINO DE MATERIA |
| Término de materia o nombre geográfico como elemento inicial |
España |
| 9 (RLIN) |
26964 |
| 650 #4 - ASIENTO SECUNDARIO DE MATERIA--TÉRMINO DE MATERIA |
| Término de materia o nombre geográfico como elemento inicial |
Comunidades Autónomas |
| 9 (RLIN) |
30768 |
| 650 #4 - ASIENTO SECUNDARIO DE MATERIA--TÉRMINO DE MATERIA |
| Término de materia o nombre geográfico como elemento inicial |
texto |
| 9 (RLIN) |
29624 |
| 650 #4 - ASIENTO SECUNDARIO DE MATERIA--TÉRMINO DE MATERIA |
| Término de materia o nombre geográfico como elemento inicial |
documento de conferencia |
| 9 (RLIN) |
28945 |
| 653 10 - TÉRMINO DE INDEXACIÓN--NO CONTROLADO |
| Término no controlado |
Asuntos Sociales |
| 650 #4 - ASIENTO SECUNDARIO DE MATERIA--TÉRMINO DE MATERIA |
| 9 (RLIN) |
26752 |
| Término de materia o nombre geográfico como elemento inicial |
UE |
| 710 2# - ENCABEZAMIENTO SECUNDARIO--NOMBRE CORPORATIVO |
| Nombre de entidad o nombre de jurisdicción como elemento inicial |
Instituto Madrileño de Atención a la Infancia |
| Término indicativo de función |
col. |
| 9 (RLIN) |
4254 |
| 902 ## - CES. TIPO DE DOCUMENTO |
| Tipodoc (006$c Sirtex) |
LIB Libro |
| 942 ## - ELEMENTOS KOHA |
| Fuente de clasificaión o esquema |
Clasificación propia del CES |
| Koha [por defecto] tipo de item |
Monografías |
| Parte de clasificación |
3.3. |